7 cores do arco-íris em 15 segundos - Statistics

Estatísticas Gerais
  • Esse quiz foi jogado 234 vezes
  • A pontuação média é 4 de 7
Estatísticas das Respostas
CORES % Correto
Azul
92%
Amarelo
88%
Vermelho
86%
Verde
77%
Laranja
59%
Violeta
24%
Anil
19%
Nenhum quiz correspondente encontrado
Distribuição das Pontuações
Porcentagem de Pessoas com Cada Pontuação
Percentil de Números Respondidos
Sua Pontuação Histórica
Você não jogou esse quiz